Statistiques concernant Culture Générale - Série 749

Cliquez ici pour prendre le quiz!

Statistiques générales

  • Ce quiz a été pris 348 fois
  • Le résultat moyen est 7 sur 10

Statistiques - réponses

QuestionRéponse% Correct
Quel mot est associé à l'adjectif "cool" quand il s'agit d'un hippie ou au nom "rhum" quand il s'agit d'un gâteau ?baba
94%
Quel mot composé désigne la vitre avant d'une voiture ?pare-brise
94%
Dans quel pays d'Amérique du Sud la belle Shakira, interprète du tube "La Tortura", est-elle née ?Colombie
92%
Quel organe du corps humain fonctionne au rythme des diastoles et des systoles ?coeur
80%
Selon l'expression, traditionnellement à l'Épiphanie, on "tire les...rois
80%
Complétez le titre du roman de Jean Giono, "Le hussard sur le ...toit
77%
Quel sport de glace pratiquent les protagonistes du film "Rasta Rockett" ?bobsleigh
76%
L'acronyme Pacs signifie "pacte civil de...solidarité
65%
Complétez le titre du film réalisé en 1964 par Stanley Kubrick, "Docteur ...Folamour
41%
Quel valet est le héros des pièces de Beaumarchais "Le Barbier de Séville" et "La Mère coupable" ?Figaro
37%

Distribution des résultats

Percentile par nombre de réponses

% des personnes avec chaque résultat

Votre développement - résultats

Vous n’avez pas pris ce quiz